000 00527nam a22001937a 4500
001 00028659
005 20260326170205.0
008 260326b ag ||||| |||| 00| 0 spa d
020 _a9509515191
040 _bspa
_cAR-CcCEOS
080 _a159.9
090 _bCOS
100 1 _aCosentino, Juan Carlos,
_d1940-
_9981
245 _aLas resistencias en la práctica freudiana /
_cJuan C. Cosentino
260 _aArgentina :
_bManantial,
_cc1987.
300 _a114 p. ;
_c24x15 cm.
650 0 _afilosofĂ­a
942 _2udc
_cBK
999 _c28692
_d28692
945 _a66467
_bMelina Rolando
_c66467
_dMelina Rolando